000
00322nam a2200133Ia 4500
008
100328s9999 xx 000 0 und d
082
_b
34653
100
_a
Leslie Alan Horvitz
245
_a
Double Blinded
260
_b
The Poperback Division
630
_a
Double Blinded
730
_a
Double Blinded
942
_c
BOOK
999
_c
524765
_d
524762